<?xml version="1.0" encoding="UTF-8"?>
<collection xmlns="http://www.loc.gov/MARC21/slim">
 <record>
  <leader>02770nab a2200301 i 4500</leader>
  <controlfield tag="001">acta80255</controlfield>
  <controlfield tag="005">20230826104844.0</controlfield>
  <controlfield tag="008">230821s1987    hu      o     0||   hun d</controlfield>
  <datafield tag="022" ind1=" " ind2=" ">
   <subfield code="a">0422-9576</subfield>
  </datafield>
  <datafield tag="040" ind1=" " ind2=" ">
   <subfield code="a">SZTE Egyetemi Kiadványok Repozitórium</subfield>
   <subfield code="b">hun</subfield>
  </datafield>
  <datafield tag="041" ind1=" " ind2=" ">
   <subfield code="a">hun</subfield>
  </datafield>
  <datafield tag="041" ind1=" " ind2=" ">
   <subfield code="a">eng</subfield>
  </datafield>
  <datafield tag="041" ind1=" " ind2=" ">
   <subfield code="a">ger</subfield>
  </datafield>
  <datafield tag="041" ind1=" " ind2=" ">
   <subfield code="a">rus</subfield>
  </datafield>
  <datafield tag="100" ind1="1" ind2=" ">
   <subfield code="a">Sharobeem Samy Fanous</subfield>
  </datafield>
  <datafield tag="245" ind1="1" ind2="0">
   <subfield code="a">Kukoricafehérjék vizsgálata II. </subfield>
   <subfield code="h">[elektronikus dokumentum] :</subfield>
   <subfield code="b">a fehérjék makrofrakciói /</subfield>
   <subfield code="c"> Sharobeem Samy Fanous</subfield>
  </datafield>
  <datafield tag="260" ind1=" " ind2=" ">
   <subfield code="a">Pallas Lap- és Könyvkiadó Vállalat</subfield>
   <subfield code="b">Budapest</subfield>
   <subfield code="c">1987</subfield>
  </datafield>
  <datafield tag="300" ind1=" " ind2=" ">
   <subfield code="a">156-170</subfield>
  </datafield>
  <datafield tag="490" ind1="0" ind2=" ">
   <subfield code="a">Élelmiszervizsgálati közlemények</subfield>
   <subfield code="v">33 No. 3</subfield>
  </datafield>
  <datafield tag="520" ind1="3" ind2=" ">
   <subfield code="a">A közleményben — a kukoricafehérjék izolálási módszereinek részletes áttekintése után — négy országból származó, összesen 25 kukoricafajta fehérjéinek makrofrakció eloszlását közöljük. A metabolikusan aktív fehérjék egymással, illetve a teljes fehérjetartalommal vett korrelációja nagy és pozitív. A glutelin az összfehérje-tartalommal negatívan korrelál. A zein a teljes fehérje mennyiségétől független. A zeintartalom és a teljes szem lizinkoncentrációjának összefüggése szignifikáns és negatív. After reviewing the methods and history of isolation of corn protein fractions, the protein composition of 25 different corn varieties is presented and discussed. The correlations between metabolically active proteins and total protein content, as well as, between the two metabolically active proteins are high and positive. Correlation of glutelin vs. total protein is negative. Zein seems to be independent of total protein. There is a significant and negative correlation between zein content and LYS concentration of whole grain. Verfasser berichten nach ausführlicher Darstellung der Isolierungsmethoden für Maiseiweiß über die Verteilung der Makrofraktionen der Eiweißstoffe von insgesamt 25 aus 4 Ländern stammenden Maissorten. Die metabolisch aktiven Eiweißstoffe besitzen untereinander bzw. mit dem Gesamteiweißgehalt eine hohe und positive Korrelation. Die Menge von Zein ist vom Gesamteiweißgehalt unabhängig. Der Zusammenhang zwischen Zeingehalt und der Lisinkozentration des ganzen Korns ist signfikant und negativ.</subfield>
  </datafield>
  <datafield tag="650" ind1=" " ind2="4">
   <subfield code="a">Műszaki és technológiai tudományok</subfield>
  </datafield>
  <datafield tag="650" ind1=" " ind2="4">
   <subfield code="a">Egyéb műszaki tudományok és technológiák</subfield>
  </datafield>
  <datafield tag="650" ind1=" " ind2="4">
   <subfield code="a">Élelmiszer és italfélék</subfield>
  </datafield>
  <datafield tag="695" ind1=" " ind2=" ">
   <subfield code="a">Élelmiszervizsgálat - analitikai kémia - módszer, Élelmiszerkémia - módszer, Kukoricafehérjék</subfield>
  </datafield>
  <datafield tag="700" ind1="0" ind2="1">
   <subfield code="a">Hidvégi Máté</subfield>
   <subfield code="e">aut</subfield>
  </datafield>
  <datafield tag="700" ind1="0" ind2="1">
   <subfield code="a">Lásztity Radomir</subfield>
   <subfield code="e">aut</subfield>
  </datafield>
  <datafield tag="700" ind1="0" ind2="2">
   <subfield code="a">Simonné Sarkadi Lívia</subfield>
   <subfield code="e">aut</subfield>
  </datafield>
  <datafield tag="856" ind1="4" ind2="0">
   <subfield code="u">http://acta.bibl.u-szeged.hu/80255/1/elelmiszervizsgalati_kozlemenyek_1987_03_156-170.pdf</subfield>
   <subfield code="z">Dokumentum-elérés </subfield>
  </datafield>
 </record>
</collection>
